书目信息 |
| 题名: |
脉冲数字电路及其应用
|
|
| 作者: | 刘宝琴 , 郑君里 编著 | |
| 分册: | 下册 | |
| 出版信息: | 北京 人民邮电出版社 1985 |
|
| 页数: | 567页 | |
| 开本: | 19cm | |
| 丛书名: | ||
| 单 册: | ||
| 中图分类: | TN78 , TN431.2 | |
| 科图分类: | ||
| 主题词: | 脉冲电路:数字电路 , 数字电路:脉冲电路 , 半导体集成电路 | |
| 电子资源: | ||
| ISBN: | ||
| 000 | 00797nam0 2200289 45 | |
| 001 | 0185020552 | |
| 005 | 20040519111555.2 | |
| 010 | @dCNY2.25 | |
| 091 | @a15045 | |
| 100 | @a19900923d1985 em y0chiy0121 ea | |
| 101 | 0 | @achi |
| 102 | @aCN@b110000 | |
| 105 | @ay z 000yy | |
| 106 | @ar | |
| 200 | 10 | @a脉冲数字电路及其应用@Amai chong shu zi dian lu ji qi ying yong@h下册@f刘宝琴, 郑君里编著 |
| 210 | @a北京@c人民邮电出版社@d1985 | |
| 215 | @a567页@d19cm | |
| 606 | @a脉冲电路:数字电路 | |
| 606 | @a数字电路:脉冲电路 | |
| 606 | 0 | @a半导体集成电路 |
| 690 | @aTN78@v3 | |
| 690 | @aTN431.2 | |
| 701 | 0 | @a刘宝琴@Aliu bao qin@4编著 |
| 701 | 0 | @a郑君里@Azheng jun li@4编著 |
| 801 | 0 | @aCN@b深圳图书馆@c20040519 |
| 801 | 2 | @aCN@bNLC@c20040519 |
| 905 | @f1@b77927@dTN431.2@e23:1 | |
| 脉冲数字电路及其应用.下册/刘宝琴, 郑君里编著.-北京:人民邮电出版社,1985 |
| 567页;19cm |
| ISBN :CNY2.25 |
| ● |
| 相关链接 |
|
|
|
|
正题名:脉冲数字电路及其应用
索取号:TN431.2/23:1
 
预约/预借
| 序号 | 登录号 | 条形码 | 馆藏地/架位号 | 状态 | 备注 |
| 1 | 0077927 | 001353163 | 第三借阅区/ [索取号:TN431.2/23:1] | 在馆 |